Organizing access to capital advocacy and the democratization of financial institutions /

Bibliographic Details
Corporate Author: ProQuest (Firm)
Other Authors: Squires, Gregory D.
Format: Electronic eBook
Language:English
Published: Philadelphia : Temple University Press, 2003.
Subjects:
Online Access:Click to View
LEADER 01523nam a22003854a 4500
001 EBC432876
003 MiAaPQ
005 20200520144314.0
006 m o d |
007 cr cn|||||||||
008 020918s2003 pau sb 001 0 eng
020 |z 1592130259 (cloth : alk. paper) 
020 |z 1592130267 (pbk. : alk. paper) 
035 |a (MiAaPQ)EBC432876 
035 |a (Au-PeEL)EBL432876 
035 |a (CaPaEBR)ebr10285594 
035 |a (CaONFJC)MIL204769 
035 |a (OCoLC)320624493 
040 |a MiAaPQ  |c MiAaPQ  |d MiAaPQ 
043 |a n-us--- 
050 4 |a HG1642.U5  |b O74 2003 
082 0 4 |a 332.1/2  |2 21 
245 0 0 |a Organizing access to capital  |h [electronic resource] :  |b advocacy and the democratization of financial institutions /  |c edited by Gregory D. Squires. 
260 |a Philadelphia :  |b Temple University Press,  |c 2003. 
300 |a vi, 238 p. 
504 |a Includes bibliographical references (p. 216-220) and index. 
533 |a Electronic reproduction. Ann Arbor, MI : ProQuest, 2015. Available via World Wide Web. Access may be limited to ProQuest affiliated libraries. 
650 0 |a Bank loans  |z United States. 
650 0 |a Financial institutions  |z United States. 
650 0 |a Community development  |z United States  |x Finance. 
650 0 |a Economic assistance, Domestic  |z United States. 
655 4 |a Electronic books. 
700 1 |a Squires, Gregory D. 
710 2 |a ProQuest (Firm) 
856 4 0 |u https://ebookcentral.proquest.com/lib/matrademy/detail.action?docID=432876  |z Click to View